Moravská polka

Hlavní autor: Humpolík, Jaroslav
Další autoři: Maňas, František, 1921-2004
Jazyk: Čeština
Vydáno: Brno : Okr. Kult. středisko Brno-venkov, 1979
Fyzický popis: 1 sv. (16 hl.)
Hudebniny Hudebniny
Uloženo v:
LEADER 00858ncm a22002412a 4500
001 001081881
003 CZ BrMZK
005 20101026142848.0
007 qu
008 100108s1979 xr |||||||||||||||||cze d
040 |a BOA001  |b cze 
072 7 |a 788  |x Hudba pro dechové nástroje  |2 Konspekt  |9 9 
100 1 |a Humpolík, Jaroslav  |7 jn20000810059  |4 cmp 
245 1 0 |a Moravská polka  |h [hudebnina] /  |c Jaroslav Humpolík. Lelekovická serenáda / Fr. Maňas 
260 |a Brno :  |b Okr. Kult. středisko Brno-venkov,  |c 1979 
300 |a 1 sv. (16 hl.) 
500 |a Pro dechovou hudbu. Rozmnoženo 
700 1 |a Maňas, František,  |d 1921-2004  |7 jn20000620214  |4 cmp 
740 0 2 |a Lelekovická serenáda 
910 |a BOA001  |b Mus2-0808.755 
990 |a MU 
991 |b 201001 
996 6 |b 2619439466  |c Mus2-0808.755  |l MZK  |r Sklad / do 1 hodiny  |n 0  |w 001103937  |u 000010  |a 1  |e BOA001  |j MZK50  |s P